000 00535nam a2200157 a 4500
001 ASIN0442278012
005 20140915212513.0
008 140915s1985 xxu eng d
020 _a0442278012 (hardcover)
020 _a9780442278014 (hardcover)
100 1 _aSafarian, Sargis S.
245 1 0 _aDesign and construction of silos and bunkers /
_cSargis S Safarian.
260 _a[S.l.] :
_bVan Nostrand Reinhold,
_c1985.
300 _a468 p.
856 4 0 _3Amazon.com
_uhttp://www.amazon.com/exec/obidos/ASIN/0442278012/chopaconline-20
999 _c9939
_d9939